Liverpool's 1965 FA Cup Final Winning XI - Statistics

General Stats
  • This quiz has been taken 18 times
  • The average score is 7 of 12
Answer Stats
Picture Hint Answer % Correct
Manager Bill Shankly
88%
Forward Ian St. John
88%
Forward Roger Hunt
81%
Right-Back Chris Lawler
69%
Goalkeeper Tommy Lawrence
69%
Centre-Back Tommy Smith
69%
Midfielder Ian Callaghan
63%
Midfielder Peter Thompson
56%
Centre-Back (c) Ron Yeats
50%
Midfielder Geoff Strong
25%
Left-Back Gerry Byrne
25%
Midfielder Willie Stevenson
19%
No matching quizzes found
Score Distribution
Percent of People with Each Score
Percentile by Number Answered
Your Score History
You have not taken this quiz